Los usos nacionalistas del fútbol en Costa Rica /

Guardat en:
Dades bibliogràfiques
Autor principal: Villena Fiengo, Sergio
Format: Text
Etiquetes: Afegir etiqueta
Sense etiquetes, Sigues el primer a etiquetar aquest registre!

MARC

LEADER 00000 a a2200000 04500
001 47837
003
040
100 |a Villena Fiengo, Sergio  
245 |a Los usos nacionalistas del fútbol en Costa Rica /  |c Sergio Villena Fiengo  
773 |g número160, (2012), páginas 47-70  
999 |c 36765  |d 36765 
773 0 |0 19554  |9 2020  |a FLACSO, Costa Rica  |d San José, Costa Rica: FLACSO,  |o 16120  |t Cuaderno de Ciencias Sociales /  |x 14093677